| 000 | 01332nam0a22002891 4500 | ||
|---|---|---|---|
| 001 | v19\rc\1875916 | ||
| 005 | 20080221155928.9 | ||
| 035 | _a(NLR Aleph) 004966241 | ||
| 090 |
_a6036577 _c6036577 |
||
| 100 | _a20080221d1910 |||y0rusy50 ca | ||
| 101 | 0 | _arus | |
| 102 | _aRU | ||
| 105 | _ac z |||c| | ||
| 200 | 1 |
_aН.В. Гоголь и его творчество _eПопул. очерк [к 100-лет. юбилею со дня рождения Н.В. Гоголя] _eДля шк. и самообразования _eВ 2 ч. _fЗахарий [Г.] Курдиновский |
|
| 210 |
_aПолтава _cЕпарх. тип. _d1910 |
||
| 215 |
_a130, 107 с. _cпортр. _d24 |
||
| 300 | _aБез общ. тит. л. Описано по обл. Каждая ч. имеет отд. тит. л. | ||
| 300 | _aНа тит. л. 1 ч. вых. дан.: Кишинев, 1909 | ||
| 532 | 1 | 0 | _aНиколай Васильевич Гоголь и его творчество |
| 700 | 1 |
_aКурдиновский _bЗ. Г. _f1863- _gЗахарий Григорьевич |
|
| 702 | 1 |
_aГоголь _bН. В. _f1809-1852 _gНиколай Васильевич _3RU\NLR\AUTH\773480 _4570 |
|
| 801 | 0 |
_aRU _bNLR _gpsbo |
|
| 801 | 0 |
_aRU _bRuMoRGB _2psbo |
|
| 801 | 1 |
_aRU _bProSoft-M _2rusmarc |
|
| 852 |
_aNLR _j38.79.4.150 |
||
| 942 | _cBOOK | ||
| 980 | _aNB | ||